Ser argentino /

¿Qué define nuestra identidad? Comprender que el ser nacional es una construcción simbólica e histórica es central para analizar la concepción eurocéntrica y autodenigratoria que aún subsiste y poder ponderar la diversidad como un rasgo distintivo de nuestra identidad.

Guardado en:
Autor Principal: Mengolini, Julia
Autor Corporativo: Canal Encuentro.
Formato: Deslizar
Publicado: Argentina, 2011
Series:Conciente colectivo
Materias:
Etiquetas: Agregar Etiqueta
Sin Etiquetas, Sea el primero en etiquetar este registro!
LEADER 01146ngm a22003135g 4500
001 CEM.cems023742
008 130507s2011##################0###0#####d
005 20250630170758.0
245 1 0 |a Ser argentino /  |c Julia Mengolini. 
260 |a Argentina,  |c 2011 
300 |a 28'. 
490 0 |a Conciente colectivo 
538 |a Soporte: DVD - Color: Si - Grabación DRD 
520 |a ¿Qué define nuestra identidad? Comprender que el ser nacional es una construcción simbólica e histórica es central para analizar la concepción eurocéntrica y autodenigratoria que aún subsiste y poder ponderar la diversidad como un rasgo distintivo de nuestra identidad. 
500 |a Consultar en ventanilla. 
100 1 |a Mengolini, Julia 
710 2 |a Canal Encuentro. 
082 3 0 |/ MEN-1 
653 |a SOCIEDAD 
653 |a INSTRUCCION CIVICA 
653 |a CIUDADANIA 
653 |a DERECHO 
653 |a NACIONALISMO 
653 |a NACIONALIDAD 
653 |a IDENTIDAD 
653 |a DIVERSIDAD CULTURAL 
653 |a SER NACIONAL 
653 |a SERIE DE TELEVISIÓN 
859 |a CEMS  |b BIB. CEMS - Depto. Recursos Didacticos  |h 301  |i MEN-1  |k DRD  |p 2385.15  |t Ej.1